000 00540nam a2200169 a 4500
005 20140412111344.0
008 041005s19uu xx 00 eng d
020 _a971-92221-3-1
050 _aTR(GS 658.306
_bT11 2003
100 _aTan, Genevieve Ledesma
245 _aFocused interview for business leaders, School administrators, faculty and staff /
_cGenevieve Ledesma Tan.
260 _aLas Pinas :
_bSisc Publications,
_c2003.
300 _a208
650 _aJob analysis and description
650 _aManagement
999 _c105193
_d105193